000
00238nam a2200097Ia 4500
008
170619s9999 xx 000 0 und d
100
_a
Geraz- Sabih.H
245
0
_a
Algorithms For VLSI Design Automation
260
_b
Wiley- India
260
_c
2011
546
_a
ENGLISH
999
_c
20342
_d
20342